A carregar...
| LEADER | 00642nam a2200253 a 4500 | ||
|---|---|---|---|
| 001 | adlib96000001 | ||
| 003 | ViArRB | ||
| 005 | 20151026131106.0 | ||
| 008 | 960221s1955 dcuabcdjdbkoqu001 0deng d | ||
| 020 | |||
| 022 | |||
| 040 | |a Adlib | ||
| 082 | |a 678.4 | ||
| 245 | |a Introduction to Rubber | ||
| 250 | |||
| 260 | |a London |b Maclaren |c 1968 | ||
| 300 | |a 104 p. | ||
| 500 | |a Bibliog. p. 105-106 | ||
| 100 | |a Bras, Jean Le | ||
| 700 | |a Goundry, J H | ||
| 942 | |c BK |6 _ | ||
| 653 | |a Rubber | ||
| 999 | |c 20157 |d 20157 | ||
| 952 | |0 0 |1 0 |4 0 |6 6784_BRA |7 0 |9 31710 |a UL |b UL |d 2010-06-16 |l 1 |o 678.4 BRA |p 00033497 |r 2012-02-24 |s 2012-02-09 |w 2010-06-16 |y BK | ||